000 01049pam a2200301 a 4500
001 29944
005 20230410101821.0
008 831130s1984 wiua b s001 0 eng
035 _9(DLC) 83040271
035 _a2351905
010 _a 83040271
020 _a0299095800 :
_c$21.50
040 _aDLC
_cDLC
_dDLC
043 _anwpr---
050 1 4 _a117 HD 9114
_bS285h 1984
082 0 0 _a306/.362/0972957
_219
100 1 _aScarano, Francisco A.
_q(Francisco Antonio)
245 1 0 _aSugar and slavery in Puerto Rico :
_bthe plantation economy of Ponce, 1800-1850 /
_cFrancisco A. Scarano.
260 _aMadison, Wis. :
_bUniversity of Wisconsin Press,
_c1984.
300 _axxv, 242 p. :
_bill. ;
_c24 cm.
504 _aBibliography: p. 227-236.
500 _aIncludes index.
650 0 _aSugar trade
_zPuerto Rico
_zPonce Region
_xHistory.
650 0 _aSlavery
_zPuerto Rico
_zPonce Region
_xHistory.
650 0 _aPlantations
_zPuerto Rico
_zPonce Region
_xHistory.
651 0 _aPonce Region (P.R.)
_xRural conditions.
942 _2lcc
_cbk
999 _c14602
_d14602